Statistiche per Calciatori con più di 100 gol nella Juventus

Clicka qui per fare il quiz!

Statistiche generali

  • Questo quiz è stato fatto 529 volte
  • Il punteggio medio è 7 su 15

Statistiche sulle risposte

GolNome% Corretto
290Alessandro Del Piero
98%
101Cristiano Ronaldo
84%
115Paulo Dybala
81%
171David Trezeguet
75%
104Michel Platini
71%
115Roberto Baggio
58%
179Giampiero Boniperti
52%
167Omar Sivori
49%
178Roberto Bettega
38%
105John Charles
25%
130Pietro Anastasi
19%
158Felice Borel
11%
124John Hansen
10%
102Guglielmo Gabetto
8%
113Federico Munerati
7%

Distribuzione punteggi

Percentile per numero di risposta

Percentuale di utenti per punteggio

I tuoi punteggi nel tempo

Non hai fatto questo quiz